<?xml version="1.0" encoding="UTF-8"?>
<record
    xmlns:xsi="http://www.w3.org/2001/XMLSchema-instance"
    xsi:schemaLocation="http://www.loc.gov/MARC21/slim http://www.loc.gov/standards/marcxml/schema/MARC21slim.xsd"
    xmlns="http://www.loc.gov/MARC21/slim">

  <leader>01073nam a22002657a 4500</leader>
  <controlfield tag="005">20150129150609.0</controlfield>
  <controlfield tag="008">140714b        xxu||||| |||| 00| 0 Urdu d</controlfield>
  <datafield tag="010" ind1=" " ind2=" ">
    <subfield code="a">UR-8532      B-548314</subfield>
  </datafield>
  <datafield tag="020" ind1=" " ind2=" ">
    <subfield code="c">295.00   </subfield>
    <subfield code="a">9788176503914</subfield>
  </datafield>
  <datafield tag="035" ind1=" " ind2=" ">
    <subfield code="a">U-7087     B-548314</subfield>
  </datafield>
  <datafield tag="037" ind1=" " ind2=" ">
    <subfield code="b">BPPD/Publishers/Venders</subfield>
  </datafield>
  <datafield tag="037" ind1=" " ind2=" ">
    <subfield code="b">DBAD/Pub.</subfield>
  </datafield>
  <datafield tag="037" ind1=" " ind2=" ">
    <subfield code="b">Star Pub.(Vend.)/Star PUB(Pub.)</subfield>
  </datafield>
  <datafield tag="040" ind1=" " ind2=" ">
    <subfield code="a">DPL</subfield>
    <subfield code="b">Urdu</subfield>
  </datafield>
  <datafield tag="082" ind1=" " ind2=" ">
    <subfield code="a"> &#x6A9;</subfield>
  </datafield>
  <datafield tag="100" ind1=" " ind2=" ">
    <subfield code="a">&#x645;&#x631; &#x62A;&#x628; :&#x62D;&#x64A;&#x62F; &#x631; &#x628;&#x62E;&#x634; &#x62D;&#x64A;&#x62F; &#x631; &#x6CC;</subfield>
  </datafield>
  <datafield tag="245" ind1=" " ind2=" ">
    <subfield code="a">&#x62D;&#x627; &#x62A;&#x645; &#x637;&#x627; &#x626; :&#x642;&#x635;&#x6D2;</subfield>
    <subfield code="c">&#x645;&#x631; &#x62A;&#x628; :&#x62D;&#x64A;&#x62F; &#x631; &#x628;&#x62E;&#x634; &#x62D;&#x64A;&#x62F; &#x631; &#x6CC;</subfield>
  </datafield>
  <datafield tag="246" ind1=" " ind2=" ">
    <subfield code="a">Hatimtai(Classic stories)</subfield>
    <subfield code="b">Edited bySyed Haider Baksh Haidari</subfield>
  </datafield>
  <datafield tag="260" ind1=" " ind2=" ">
    <subfield code="b">Star  Publictions</subfield>
    <subfield code="b">Star Publications.( Vender)</subfield>
    <subfield code="c">2013</subfield>
  </datafield>
  <datafield tag="260" ind1=" " ind2=" ">
    <subfield code="a">4/5Asaf Ali Road,New Delhi-110002</subfield>
  </datafield>
  <datafield tag="270" ind1=" " ind2=" ">
    <subfield code="a">Suit 4b,floor 15,Webbley point, 1 Harrow Road,Wemley H A 96 DE(U.K)</subfield>
    <subfield code="b">U.K.</subfield>
  </datafield>
  <datafield tag="300" ind1=" " ind2=" ">
    <subfield code="a">152&#x635;</subfield>
    <subfield code="c">22Cm(Pb)</subfield>
  </datafield>
  <datafield tag="942" ind1=" " ind2=" ">
    <subfield code="2">ddc</subfield>
    <subfield code="c">UR</subfield>
    <subfield code="m">&#x62D; &#x6D2; &#x62F;</subfield>
    <subfield code="h"> &#x6A9;</subfield>
  </datafield>
  <datafield tag="999" ind1=" " ind2=" ">
    <subfield code="c">87846</subfield>
    <subfield code="d">87846</subfield>
  </datafield>
  <datafield tag="952" ind1=" " ind2=" ">
    <subfield code="0">0</subfield>
    <subfield code="1">0</subfield>
    <subfield code="2">ddc</subfield>
    <subfield code="4">0</subfield>
    <subfield code="7">0</subfield>
    <subfield code="8">FIC</subfield>
    <subfield code="a">L</subfield>
    <subfield code="b">L</subfield>
    <subfield code="d">2014-12-17</subfield>
    <subfield code="e">BPPD/UR/2014-15/127/1.8.14/SP/3597/6.8.14/2.9.14</subfield>
    <subfield code="g">295.00</subfield>
    <subfield code="l">4</subfield>
    <subfield code="o">&#x6A9; &#x62D; &#x6D2; &#x62F;</subfield>
    <subfield code="p">B-548314</subfield>
    <subfield code="r">2018-10-13 00:00:00</subfield>
    <subfield code="s">2018-09-29</subfield>
    <subfield code="t">1</subfield>
    <subfield code="v">295.00</subfield>
    <subfield code="w">2014-12-17</subfield>
    <subfield code="y">UR</subfield>
  </datafield>
  <datafield tag="952" ind1=" " ind2=" ">
    <subfield code="0">0</subfield>
    <subfield code="1">0</subfield>
    <subfield code="2">ddc</subfield>
    <subfield code="4">0</subfield>
    <subfield code="7">0</subfield>
    <subfield code="8">FIC</subfield>
    <subfield code="a">BL1</subfield>
    <subfield code="b">BL1</subfield>
    <subfield code="d">2014-12-17</subfield>
    <subfield code="e">BPPD/UR/2014-15/127/1.8.14/SP/3597/6.8.14/2.9.14</subfield>
    <subfield code="g">295.00</subfield>
    <subfield code="l">1</subfield>
    <subfield code="o">&#x6A9; &#x62D; &#x6D2; &#x62F;</subfield>
    <subfield code="p">B-548315</subfield>
    <subfield code="r">2019-03-20 00:00:00</subfield>
    <subfield code="s">2019-03-07</subfield>
    <subfield code="t">1</subfield>
    <subfield code="v">295.00</subfield>
    <subfield code="y">UR</subfield>
  </datafield>
  <datafield tag="952" ind1=" " ind2=" ">
    <subfield code="0">0</subfield>
    <subfield code="1">0</subfield>
    <subfield code="2">ddc</subfield>
    <subfield code="4">0</subfield>
    <subfield code="7">0</subfield>
    <subfield code="8">FIC</subfield>
    <subfield code="a">ZLS</subfield>
    <subfield code="b">ZLS</subfield>
    <subfield code="d">2014-12-17</subfield>
    <subfield code="e">BPPD/UR/2014-15/127/1.8.14/SP/3597/6.8.14/2.9.14</subfield>
    <subfield code="g">295.00</subfield>
    <subfield code="l">0</subfield>
    <subfield code="o">&#x6A9; &#x62D; &#x6D2; &#x62F;</subfield>
    <subfield code="p">B-548316</subfield>
    <subfield code="r">2014-12-17 00:00:00</subfield>
    <subfield code="t">1</subfield>
    <subfield code="v">295.00</subfield>
    <subfield code="y">UR</subfield>
  </datafield>
  <datafield tag="952" ind1=" " ind2=" ">
    <subfield code="0">0</subfield>
    <subfield code="1">0</subfield>
    <subfield code="2">ddc</subfield>
    <subfield code="4">0</subfield>
    <subfield code="7">1</subfield>
    <subfield code="8">FIC</subfield>
    <subfield code="a">DBAD</subfield>
    <subfield code="b">DBAD</subfield>
    <subfield code="d">2015-01-29</subfield>
    <subfield code="e">DBAD/PUB</subfield>
    <subfield code="g">295.00</subfield>
    <subfield code="l">0</subfield>
    <subfield code="o">&#x6A9; &#x62D; &#x6D2; &#x62F;</subfield>
    <subfield code="p">U-7087</subfield>
    <subfield code="r">2015-01-29 00:00:00</subfield>
    <subfield code="t">1</subfield>
    <subfield code="v">295.00</subfield>
    <subfield code="w">2015-01-29</subfield>
    <subfield code="y">UR</subfield>
  </datafield>
</record>
